Price adjustment formulae for construction contracts : monthly bulletin of indices. - Jan - Dec 2002 (Record no. 101878)

MARC details
000 -LEADER
fixed length control field 00829cam a2200265 4500
001 - CONTROL NUMBER
control field E10493
008 - FIXED-LENGTH DATA ELEMENTS--GENERAL INFORMATION
fixed length control field 000000n2002 000 0 eng u
022 ## - INTERNATIONAL STANDARD SERIAL NUMBER
International Standard Serial Number 0964-4575
035 ## - SYSTEM CONTROL NUMBER
System control number (Sirsi) u116557
041 ## - LANGUAGE CODE
Language code of text/sound track or separate title eng
050 ## - LIBRARY OF CONGRESS CALL NUMBER
Classification number 692.80212
-- 18
110 ## - MAIN ENTRY--CORPORATE NAME
Corporate name or jurisdiction name as entry element United Kingdom
Subordinate unit Department of Trade and Industry
245 ## - TITLE STATEMENT
Title Price adjustment formulae for construction contracts : monthly bulletin of indices. - Jan - Dec 2002
260 ## - PUBLICATION, DISTRIBUTION, ETC.
Place of publication, distribution, etc. London
Name of publisher, distributor, etc. Stationery Office
Date of publication, distribution, etc. 2002
300 ## - PHYSICAL DESCRIPTION
Extent 12pt. ; 30cm.
350 ## - PRICE (NR) (BK AM CF MU VM SE) [OBSOLETE]
Price 110.00
650 ## - SUBJECT ADDED ENTRY--TOPICAL TERM
Topical term or geographic name entry element BAXTER INDICES
650 ## - SUBJECT ADDED ENTRY--TOPICAL TERM
Topical term or geographic name entry element BUILT ENVIRONMENT-BUILDING CONTRACT FORMS
650 ## - SUBJECT ADDED ENTRY--TOPICAL TERM
Topical term or geographic name entry element NEDO INDICES
650 ## - SUBJECT ADDED ENTRY--TOPICAL TERM
Topical term or geographic name entry element OSBORNE INDICES
650 ## - SUBJECT ADDED ENTRY--TOPICAL TERM
Topical term or geographic name entry element PRICE ADJUSTMENT FORMULAE
650 ## - SUBJECT ADDED ENTRY--TOPICAL TERM
Topical term or geographic name entry element PROPERTY SERVICES AGENCY
690 ## - LOCAL SUBJECT ADDED ENTRY--TOPICAL TERM (OCLC, RLIN)
Topical term or geographic name as entry element BUILT ENVIRONMENT-BUILDING CONTRACT FORMS
942 ## - ADDED ENTRY ELEMENTS (KOHA)
Suppress in OPAC 0
Holdings
Withdrawn status Lost status Source of classification or shelving scheme Damaged status Not for loan Home library Current library Shelving location Date acquired Total Checkouts Full call number Barcode Date last seen Copy number Price effective from Koha item type
    Dewey Decimal Classification     London London Statistics 20/03/2002   STATISTICS 30065629 06/08/2019 1 06/08/2019 Reference material
    Dewey Decimal Classification     London London Statistics 20/03/2002   STATISTICS 30065630 06/08/2019 2 06/08/2019 Reference material
    Dewey Decimal Classification     London London Statistics 27/03/2002   STATISTICS 30065633 06/08/2019 3 06/08/2019 Reference material
    Dewey Decimal Classification     London London Statistics 01/05/2002   STATISTICS 30065802 06/08/2019 4 06/08/2019 Reference material
    Dewey Decimal Classification     London London Statistics 31/05/2002   STATISTICS 30065961 06/08/2019 5 06/08/2019 Reference material
    Dewey Decimal Classification     London London Statistics 28/06/2002   STATISTICS 30066001 06/08/2019 6 06/08/2019 Reference material
    Dewey Decimal Classification     London London Statistics 25/07/2002   STATISTICS 30066251 06/08/2019 7 06/08/2019 Reference material
    Dewey Decimal Classification     London London Statistics 30/08/2002   STATISTICS 30066531 06/08/2019 8 06/08/2019 Reference material
    Dewey Decimal Classification     London London Statistics 30/09/2002   STATISTICS 30066549 06/08/2019 9 06/08/2019 Reference material
    Dewey Decimal Classification     London London Statistics 14/11/2002   STATISTICS 30068247 06/08/2019 10 06/08/2019 Reference material
    Dewey Decimal Classification     London London Statistics 05/12/2002   STATISTICS 30068279 06/08/2019 11 06/08/2019 Reference material
    Dewey Decimal Classification     London London Statistics 06/01/2003   STATISTICS 30068303 06/08/2019 12 06/08/2019 Reference material